• 首页
  • 本馆介绍
  • 公告通知
  • 最新文献
  • 馆藏检索
  • 电子资源
  • 读者导购
  • 参考咨询
  • 我的图书馆
  • 登录
  • 详细信息显示
  • 放入我的书架
  • 预约/预借图书
  • 作者相关作品
  • 分类相关作品
  • 丛书相关作品
  • 出版社相关作品

书目信息

  • 表格格式
  • 工作单格式
  • 卡片格式
题名:
中国弦乐史研究七十年
    
 
作者: 张晓娟 著
分册:  
出版信息: 北京   九州出版社  2021.1
页数: 289页
开本: 24cm
丛书名:
单 册:
中图分类: J632.209
科图分类:
主题词: 民族乐器--弦乐--器乐史--中国--1949--2019
电子资源:
ISBN: 978-7-5108-9303-2
000 00968nam0 2200229 45
001 012001000577
005 20130909095836.0
010    @a978-7-5108-9303-2@dCNY72.00
100    @a20201218d2021 em y0chiy0110 ea
101 0  @achi
102    @aCN@b110000
105    @ay z 000yy
106    @ar
200 1  @a中国弦乐史研究七十年@Azhong guo xian yue shi yan jiu qi shi nian@e1949-2019@f张晓娟著
210    @a北京@c九州出版社@d2021.1
215    @a289页@d24cm
330    @a本书以1949-2019年间中国正式出版的论著、音乐学术期刊论文、硕博士论文中有关中国弦乐史研究的成果,以及国内外学者发表的与中国弦乐史研究相关的观点、学说、理论为主要的研究对象,通过对它们的整理、分析,研究中国弦乐的演变、发展及其规律,揭示在不同时期弦乐史文献观点的变化,以及历史事实与理论探索的关系。
606 0  @a民族乐器@x弦乐@x器乐史@y中国@z1949@x2019
690    @aJ632.209@v5
701  0 @a张晓娟@Azhang xiao juan@c(女)@4著
801    @aCN@b江苏凤凰@c20211018
905    @b1340196-9@dJ632.209@e177@f4
    
    中国弦乐史研究七十年:1949-2019/张晓娟著.-北京:九州出版社,2021.1
    289页;24cm
    
    
    ISBN 978-7-5108-9303-2:CNY72.00
    本书以1949-2019年间中国正式出版的论著、音乐学术期刊论文、硕博士论文中有关中国弦乐史研究的成果,以及国内外学者发表的与中国弦乐史研究相关的观点、学说、理论为主要的研究对象,通过对它们的整理、分析,研究中国弦乐的演变、发展及其规律,揭示在不同时期弦乐史文献观点的变化,以及历史事实与理论探索的关系。
●
相关链接 在E读中查询图书 在五车中查询图书 在当当中查询图书 在豆瓣中查询图书


正题名:中国弦乐史研究七十年     索取号:J632.209/177         预约/预借

序号 登录号 条形码 馆藏地/架位号 状态 备注
1 1340196   213401969   第一样本阅览室/ [索取号:J632.209/177] 在馆    
2 1340197   213401978   第一借阅区/ [索取号:J632.209/177] 在馆    
3 1340198   213401987   第一借阅区/ [索取号:J632.209/177] 在馆    
4 1340199   213401996   第一借阅区/ [索取号:J632.209/177] 在馆    
唐山师范学院图书馆 欢迎您!
大连网信软件有限公司© 版权所有